|
|
|
|
| LEADER |
00000nam0a2200000 4500 |
| 001 |
283007 |
| 005 |
20231101235544.0 |
| 010 |
|
|
|a 9785904682828
|
| 035 |
|
|
|a (RuTPU)RU\TPU\book\307027
|
| 090 |
|
|
|a 283007
|
| 100 |
|
|
|a 20150204d2012 k y0rusy50 ca
|
| 101 |
0 |
|
|a rus
|
| 102 |
|
|
|a RU
|
| 105 |
|
|
|a ab z 001zy
|
| 200 |
1 |
|
|a Ресурсное измерение социальных условий жизнедеятельности населения Восточной Сибири
|e монография
|f Л. Б. Башалханова, В. Н. Веселова, Л. М. Корытный
|g Академия наук СССР (АН СССР), Сибирское отделение (СО), Институт географии им. В. Г. Сочавы (ИГ)
|
| 210 |
|
|
|a Новосибирск
|c Гео
|d 2012
|
| 215 |
|
|
|a 221 с.
|c ил.
|
| 320 |
|
|
|a Библиогр.: с. 207-219.
|
| 330 |
|
|
|a Монография посвящена изучению ресурсно-социальных взаимосвязей на территории Восточной Сибири. Исследуется влияние геоэкологических и гидроклиматических факторов на жизнедеятельность населения муниципальных районов. Установлены аналитические зависимости дифференциации основных показателей общественного здоровья от природно-климатической и социально-экономической дискомфортности. Повышение безопасности и социальной защищенности населения требует корректного учета суровости климата при исчислении прожиточного минимума, особенно на северных территориях.Книга предназначена для специалистов по социально-экономической географии, гидроклиматологии и геоэкологии, а также будет интересна представителям организаций, занимающихся вопросами совершенствования условий жизнедеятельности и социальной защиты населения восточных и северных территорий России.
|
| 606 |
1 |
|
|a Сибирь
|x Экономическая география
|2 stltpush
|3 (RuTPU)RU\TPU\subj\73219
|9 86350
|
| 610 |
1 |
|
|a население
|
| 610 |
1 |
|
|a Восточная Сибирь
|
| 610 |
1 |
|
|a социальные условия
|
| 610 |
1 |
|
|a природные ресурсы
|
| 610 |
1 |
|
|a ресурсное измерение
|
| 610 |
1 |
|
|a население
|
| 610 |
1 |
|
|a жизнедеятельность
|
| 610 |
1 |
|
|a климат
|
| 610 |
1 |
|
|a природные условия
|
| 610 |
1 |
|
|a качество жизни
|
| 610 |
1 |
|
|a Бурятия
|
| 610 |
1 |
|
|a Саха
|
| 686 |
|
|
|a У04(2Р5)
|v LBC/SL-A
|2 rubbk
|
| 700 |
|
1 |
|a Башалханова
|b Л. Б.
|g Людмила Базарсадаевна
|
| 701 |
|
1 |
|a Веселова
|b В. Н.
|g Виктория Николаевна
|
| 701 |
|
1 |
|a Корытный
|b Л. М.
|g Леонид Маркусович
|
| 712 |
0 |
2 |
|a Академия наук СССР (АН СССР)
|b Сибирское отделение (СО)
|b Институт географии им. В. Г. Сочавы (ИГ)
|c (Иркутск)
|2 stltpush
|3 (RuTPU)RU\TPU\col\11389
|
| 801 |
|
1 |
|a RU
|b 63413507
|c 20150204
|
| 801 |
|
2 |
|a RU
|b 63413507
|c 20150210
|g RCR
|
| 942 |
|
|
|c BK
|